Peninsulas by Satellite Image - Statistics

General Stats
  • This quiz has been taken 27,860 times
  • The average score is 9 of 16
Answer Stats
Picture Answer % Correct
Iberian
93%
Korea
91%
Baja California
84%
Sinai
74%
Crimea
63%
Qatar
62%
Yucatan
60%
Indochina
57%
Jutland
57%
Brittany
56%
Kamchatka
48%
Cape Cod
44%
Cornwall
43%
Peloponnese
31%
Upper Peninsula
26%
Cape York
21%
No matching quizzes found
Score Distribution
Percent of People with Each Score
Percentile by Number Answered
Your Score History
You have not taken this quiz